Statistics for German: Key Essay Verbs & Words

Click here to take the quiz!

General Stats

  • This quiz has been taken 17 times
    (7 since last reset)
  • The average score is 13 of 20

Answer Stats

AnswerHint% Correct
zwischenBetween
100%
DanachAfter that/afterwards/thereafter
75%
erklärento explain/state
75%
sich entscheidento decide
75%
täuschento deceive
75%
unterstützento support
75%
verändernto change
75%
verbunden seinto be connected
75%
verheimlichento hide
75%
verliebento fall in love
75%
zeigento show
75%
Als nächstesNext
50%
AndererseitsOn the other hand
50%
darstellento depict
50%
Die HerausforderungenChallenges
50%
EinerseitsOn the one hand
50%
SchließlichFinally
50%
subtilsubtly
50%
verknüpft seinto be linked
50%
ZunächstFirst
50%

Score Distribution

Percentile by Number Answered

Percent of People with Each Score

Your Score History

You have not taken this quiz since the last reset